Szent Ágoston regulája
Elmentve itt :
| Adatforrás: | Philobibl |
|---|---|
| Dokumentumtípus: | Könyv |
| Nyelv: | magyar |
| Kulcsszavak: | Ágoston, Szent patrisztika Augustinus, Aurelius vallás vallástörténet |
| Megjelent: |
Bp.
Szent István Társulat
1992
|
| LEADER | 00444nam a2200169 c 4500 | ||
|---|---|---|---|
| 001 | bibDOK00000460 | ||
| 005 | 20200924115657.3 | ||
| 008 | 060518s1992 hu hun | ||
| 245 | 0 | 0 | |a Szent Ágoston regulája |
| 260 | |a Bp. |b Szent István Társulat |c 1992 | ||
| 300 | |a 150 p. | ||
| 500 | |a Puskely Mária (ford.) | ||
| 695 | |a Ágoston, Szent | ||
| 695 | |a patrisztika | ||
| 695 | |a Augustinus, Aurelius | ||
| 695 | |a vallás | ||
| 695 | |a vallástörténet | ||